Catholic University of Zimbabwe Library
Online Public Access Catalogue
(OPAC)

The virile man / (Record no. 4958)

MARC details
000 -LEADER
fixed length control field 00637cam a2200229 i 4500
001 - CONTROL NUMBER
control field 0000005154
005 - DATE AND TIME OF LATEST TRANSACTION
control field 20170406120413.0
008 - FIXED-LENGTH DATA ELEMENTS--GENERAL INFORMATION
fixed length control field 760618s1976 nyu 000 0 eng
010 ## - LIBRARY OF CONGRESS CONTROL NUMBER
LC control number 76022162
020 ## - INTERNATIONAL STANDARD BOOK NUMBER
International Standard Book Number 0812820911
035 ## - SYSTEM CONTROL NUMBER
-- (DLC) 76022162
040 ## - CATALOGING SOURCE
Original cataloging agency DLC
Transcribing agency DLC
Modifying agency DLC
050 00 - LIBRARY OF CONGRESS CALL NUMBER
Classification number RC560.I45
Item number F44
082 00 - DEWEY DECIMAL CLASSIFICATION NUMBER
Classification number 616.6
100 1# - MAIN ENTRY--PERSONAL NAME
Personal name Fellman, Sheldon L.
245 14 - TITLE STATEMENT
Title The virile man /
Statement of responsibility, etc. by Sheldon L. Fellman and Paul Neimark.
260 ## - PUBLICATION, DISTRIBUTION, ETC.
Place of publication, distribution, etc. New York :
Name of publisher, distributor, etc. Stein and Day,
Date of publication, distribution, etc. 1976.
300 ## - PHYSICAL DESCRIPTION
Extent 228 p. ;
Dimensions 24 cm.
650 #0 - SUBJECT ADDED ENTRY--TOPICAL TERM
Topical term or geographic name entry element Impotence.
700 1# - ADDED ENTRY--PERSONAL NAME
Personal name Neimark, Paul G.,
Relator term joint author.
908 ## - PUT COMMAND PARAMETER (RLIN)
Put command parameter 141204
Holdings
Withdrawn status Lost status Source of classification or shelving scheme Damaged status Not for loan Home library Current library Shelving location Date acquired Total Checkouts Full call number Barcode Date last seen Copy number Price effective from Koha item type
          CUZ Harare Campus CUZ Harare Campus Open Shelf 06.04.2017   RC 560.I45 F44 BK0005954 22.05.2025 CU4176 06.04.2017 OS Book

OPENING HOURS

Weekdays: 0815hrs - 1800hrs
Weekends:0900hrs - 1200hrs

Closed for Mass:

Mon, Thur: 1200hrs - 1300hrs
Sunday & Public Holiday’s

CALL SUPPORT

0242-570570, 0242-570169
09200664, +263 8644140602

LOCATION

18443, Cranborne Avenue, Hatfield, Harare

Other Links


©2021 | CUZ Library